| 000 | 00380cam a2200157ua 4500 | ||
|---|---|---|---|
| 003 | OSt | ||
| 005 | 20260213114055.0 | ||
| 008 | 260213b |||||||| |||| 00| 0 eng d | ||
| 041 | _aeng | ||
| 082 |
_a028.74621 _bDEV/PR |
||
| 245 | _aProject profiles | ||
| 250 | _a2 / | ||
| 260 |
_aNew Delhi : _bMinistry of Indusrty, Govt. of India , _c1986. |
||
| 300 | _a654 ; . | ||
| 942 | _cBK | ||
| 999 |
_c5377 _d5377 |
||